Az élelmiszerismeret kooperatív oktatási lehetőségei egy Híd II. programos osztályban

Bibliográfiai részletek
Szerző: Szigeti Éva Judit
További közreműködők: Rudolfné Katona Dr. Mária
Dokumentumtípus: Diplomadolgozat
Kulcsszavak:élelmiszerismeret
HID Program
Kooperatív módszer
Online Access:http://dolgozattar.uni-bge.hu/11583

MARC

LEADER 00000nta a2200000 i 4500
001 dolg11583
005 20170909100723.0
008 170516suuuu hu om 000 hun d
040 |a BGE Dolgozattár Repozitórium  |b hun 
041 |a hu 
100 1 |a Szigeti Éva Judit 
245 1 3 |a Az élelmiszerismeret kooperatív oktatási lehetőségei egy Híd II. programos osztályban  |c Szigeti Éva Judit  |h [elektronikus dokumentum] 
695 |a élelmiszerismeret 
695 |a HID Program 
695 |a Kooperatív módszer 
700 1 |a Rudolfné Katona Dr. Mária  |e ths 
856 4 0 |u http://dolgozattar.uni-bge.hu/11583/1/Szigeti%20%C3%89va.pdf  |z Dokumentum-elérés